Law Relating to Limitation : (Record no. 4315)

MARC details
000 -LEADER
fixed length control field 00527 a2200193 4500
003 - CONTROL NUMBER IDENTIFIER
control field OSt
005 - DATE AND TIME OF LATEST TRANSACTION
control field 20260316141808.0
008 - FIXED-LENGTH DATA ELEMENTS--GENERAL INFORMATION
fixed length control field 260316b |||||||| |||| 00| 0 eng d
020 ## - INTERNATIONAL STANDARD BOOK NUMBER
International Standard Book Number 9789381849552
040 ## - CATALOGING SOURCE
Transcribing agency .
082 ## - DEWEY DECIMAL CLASSIFICATION NUMBER
Classification number 347.42052
Item number SWA
100 ## - MAIN ENTRY--PERSONAL NAME
Personal name Swamy, N. Maheshwara
245 ## - TITLE STATEMENT
Title Law Relating to Limitation :
Remainder of title In the context of other enactments /
Statement of responsibility, etc. by Dr. N. Maheshwara Swamy
250 ## - EDITION STATEMENT
Edition statement 3rd ed.
260 ## - PUBLICATION, DISTRIBUTION, ETC.
Place of publication, distribution, etc. Hyderabad:
Name of publisher, distributor, etc. Asia Law House,
Date of publication, distribution, etc. 2012
300 ## - PHYSICAL DESCRIPTION
Extent 1214p.;
Dimensions 24cm.
650 ## - SUBJECT ADDED ENTRY--TOPICAL TERM
Topical term or geographic name entry element Law
942 ## - ADDED ENTRY ELEMENTS (KOHA)
Koha item type Books
Source of classification or shelving scheme Dewey Decimal Classification
Holdings
Withdrawn status Lost status Source of classification or shelving scheme Damaged status Not for loan Home library Current library Date acquired Cost, normal purchase price Serial enumeration / chronology Total checkouts Full call number Barcode Date last seen Price effective from Koha item type
    Dewey Decimal Classification     Central Library Central Library 16/03/2026 1485.00 Vol 1   347.42052 SWA 003364 16/03/2026 16/03/2026 Books
    Dewey Decimal Classification     Central Library Central Library 16/03/2026 1485.00 Vol 2   347.42052 SWA 003365 16/03/2026 16/03/2026 Books

Facts & Statistics

Printed Books

5000+

e - Books

1500+

Print Journals

30

e - Journals

50

Online Databases

26


© Gujarat National Law University. All Rights Reserved.